00851cam a2200265 a 450000100090000000300040000900500170001300800410003001000170007102000250008802000220011302000350013502000320017004000130020204200080021505000200022310000360024324500570027925000120033626000760034830000340042450400510045865000550050965000210056416959283OSt20170117081657.0110913s2012 at a b 001 0 eng  a 2011938705 a9781111534127 (pbk.) a1111534128 (pbk.) a9781111534134 (instructor ed.) a1111534136 (instructor ed.) aDLCcDLC apcc00aHC79b.R49 20121 aReynolds, George Walter,d1944-10aEthics in information technology /cGeorge Reynolds. a4th ed. aAustralia :aBoston, MA :bCourse Technology, Cengage Learning,cc2012. axxi, 498 p. :bill. ;c23 cm. aIncludes bibliographical references and index. 0aInformation technologyxMoral and ethical aspects. 0aBusiness ethics.